Opération papillons : les espèces - Statistiques

Statistiques générales
  • Ce quiz a été pris 121 fois
  • Le résultat moyen est 15 sur 28
Statistiques - réponses
Par images Réponse % Correct
Vulcain
88%
Machaon
86%
Citron
85%
Flambé
85%
Paon du Jour
81%
Aurore
79%
Robert le Diable
79%
Moro-sphinx
71%
Belle-Dame
69%
Demi-Deuil
68%
Tabac d'Espagne
67%
Petite Tortue
65%
Gazé
63%
Argus bleu
50%
Amaryllis
46%
Mégère
44%
Myrtil
44%
Souci
44%
Argus vert
43%
Cuivré commun
43%
Tircis
42%
Sylvain azuré
35%
Piéride de la rave
33%
Procris
32%
Brun des pélargoniums
21%
Silène
19%
Hespérie de la houque
17%
Hespérie de la mauve
14%
Aucun quiz correspondant
Distribution des résultats
% des personnes avec chaque résultat
Percentile par nombre de réponses
Votre historique - résultats
Vous n’avez pas pris ce quiz